Learning to care : (Record no. 4440)

000 -LEADER
fixed length control field 00684nam a2200229 a 4500
003 - CONTROL NUMBER IDENTIFIER
control field ALUPE UNIVERSITY COLLEGE
005 - DATE AND TIME OF LATEST TRANSACTION
control field 20220323103233.0
008 - FIXED-LENGTH DATA ELEMENTS--GENERAL INFORMATION
fixed length control field 881019s1988 enka 000 0 eng d
020 ## - INTERNATIONAL STANDARD BOOK NUMBER
International Standard Book Number 0340430095
040 ## - CATALOGING SOURCE
Transcribing agency ALUPE UNIVERSITY COLLEGE
050 #0 - LIBRARY OF CONGRESS CALL NUMBER
Classification number RT42
Item number .K3R5 1988
092 ## - LOCALLY ASSIGNED DEWEY CALL NUMBER (OCLC)
Classification number D0400449355
100 1# - MAIN ENTRY--PERSONAL NAME
Personal name Kemp, Nan.
245 10 - TITLE STATEMENT
Title Learning to care :
Remainder of title effective goal setting /
Statement of responsibility, etc. Nan Kemp, Eileen Richardson
260 ## - PUBLICATION, DISTRIBUTION, ETC.
Place of publication, distribution, etc. London :
Name of publisher, distributor, etc. Edward Arnold,
Date of publication, distribution, etc. 1988
300 ## - PHYSICAL DESCRIPTION
Extent ix, 50 p. :
Other physical details ill. ;
Dimensions 20 cm
504 ## - BIBLIOGRAPHY, ETC. NOTE
Bibliography, etc. note Includes index
650 #0 - SUBJECT ADDED ENTRY--TOPICAL TERM
Topical term or geographic name entry element Nursing
General subdivision Planning
700 1# - ADDED ENTRY--PERSONAL NAME
Personal name Richardson, Eileen,
Titles and other words associated with a name RGN.
942 ## - ADDED ENTRY ELEMENTS (KOHA)
Source of classification or shelving scheme
Koha item type Book
Suppress in OPAC PW
Holdings
Withdrawn status Lost status Source of classification or shelving scheme Damaged status Not for loan Permanent Location Current Location Shelving location Date acquired Source of acquisition Total Checkouts Full call number Barcode Date last seen Price effective from Koha item type Public note
          AU LIBRARY AU LIBRARY Open Shelf 23.03.2022 DONATION FROM MOI UNIVERSITY   RT42 .K3R5 1988 28006431 23.03.2022 23.03.2022 Book PW

Powered by Koha